| 000 | 02739nam a22004937a 4500 | ||
|---|---|---|---|
| 001 | 768714001 | ||
| 003 | CO-MdFUSB | ||
| 005 | 20230223123614.0 | ||
| 007 | ta | ||
| 008 | 230209t1972 -us||||f |||| 00| 0 eng d | ||
| 020 | _a0822302888 | ||
| 040 |
_aCO-MdFUSB _bspa _cCO-MdFUSB _dCO-MdFUSBC _erda |
||
| 041 | _aeng | ||
| 082 |
_223 _a225.6 _bUS84 |
||
| 245 | 1 | 4 |
_aThe use of the Old Testament in the New and other essays _b: studies in honor of William Franklin Stinespring _c/ editado por James M. Efird |
| 264 | 1 |
_aDurham, North Carolina : _bDuke University Press, _c1972 |
|
| 264 | 4 | _c©1972 | |
| 300 |
_a332 páginas _c; 24 cm |
||
| 336 |
_2rdacontent _atexto _btxt |
||
| 337 |
_2rdamedia _asin mediación _bn |
||
| 338 |
_2rdacarrier _avolumen _bnc |
||
| 504 | _aBibliografía páginas xiv-xv | ||
| 505 |
_tEl uso del Antiguo Testamento en el Nuevo
_rD. Moody Smith, Jr., Duke University Divinity School |
||
| 505 |
_tLa saga de Rahab (Josué 2): algunas observaciones forma-críticas y tradicio-históricas _rGene M. Tucker, Emory University, Candler School of Theology |
||
| 505 |
_tLa obstinación espiritual y el propósito de la parábola _rFrank E. Eakin, Jr., University of Richmond |
||
| 505 |
_tEl culto Israelita y la adoración Cristiana _rDonald L. Williams, Southern Baptist Theological Seminary |
||
| 505 |
_tLa condenación de Edom en el Judaísmo postexílico
_rBruce C. Cresson, Baylor University |
||
| 505 |
_tH. Wheeler Robinson y el problema de organizar una teologia del Antiguo Testamento
_rMax E. Polley, Davidson College |
||
| 505 |
_tUn Banquete Divino En Ugarit _rMarvin H. Pope, Yale University |
||
| 505 |
_t"De coles y reyes"- o Queans: apuntes sobre Ben Sira 36:18-21
_rJohn Strugnell, Harvard University Divinity School |
||
| 505 |
_tAntropología y soteriología en los Rollos del Mar Muerto y en el Nuevo Testamento
_rWilliam Hugh Brownlee, Claremont Graduate School |
||
| 505 |
_tUn estudio de exégesis gnóstica del Antiguo Testamento
_rOrval Wintermute, Duke University |
||
| 505 |
_tבעותא en el Cristianismo primero _rJ. H. Charlesworth, Duke University |
||
| 505 |
_tEl Antiguo Testamento en el Evangelio de Marcos
_rHugh Anderson, University of Edinburgh |
||
| 505 |
_tNota sobre MARCOS 5:43 _rJames M. Efird, Duke University Divinity School |
||
| 505 |
_tLa Enseñanza moral de la iglesia primitiva _rW. D. Davies, Duke University Divinity School |
||
| 563 | _aTapa dura | ||
| 630 | 0 | _aEl Antiguo Testamento en el Nuevo Testamento | |
| 630 | 0 | 0 |
_aRollos del Mar Muerto _xRelación con el Antiguo Testamento |
| 700 |
_97823 _aEfird, James M. _eeditor |
||
| 942 | _cBK | ||
| 945 | _aAF | ||
| 999 |
_c68402 _d68402 |
||